000 00366nam a2200121Ia 4500
003 OSt
005 20260327120530.0
008 221117b |||||||| |||| 00| 0 Hin d
040 _aBGL
_cBGL
100 _aअनुराग फ़ैसल
245 0 _aक्षेत्रीय परत्राकरिता के गोलबल फलक
942 _cGB
_2ddc
999 _c18668
_d18668